Countries With 'W' Quiz Stats

 Plays Quiz Updated Jul 2, 2018

Score 0/12 Timer 04:00
14 Plays Today
Country % Correct
Sweden
76.1%
Switzerland
74%
New Zealand
66.4%
eSwatini
66.1%
Norway
60.9%
Rwanda
58%
Malawi
56%
Zimbabwe
54.4%
Botswana
47.8%
Taiwan
43.3%
Kuwait
41.2%
Papua New Guinea
37.1%

You're not logged in!

Compare scores with friends on all Sporcle quizzes.
OR
Log In

Sporcle TV

Today on Sporcle TV


Watch our educational content, quiz creation guides, and fun videos on Sporcle TV.

Show Comments

Extras

Top Quizzes Today


Score Distribution

Your Account Isn't Verified!

In order to create a playlist on Sporcle, you need to verify the email address you used during registration. Go to your Sporcle Settings to finish the process.

Report this User

Report this user for behavior that violates our Community Guidelines.

Details: